| 000 | 00766nam a2200229Ia 4500 | ||
|---|---|---|---|
| 008 | 191130s1985##################000#0#eng## | ||
| 020 | _a9780521274845 | ||
| 022 | _a84011371 | ||
| 040 |
_aACL _cACL |
||
| 082 | _a301.072041 BUL | ||
| 245 |
_aEssays on the history of British sociological research _cedited by Martin Bulmer |
||
| 260 |
_aCambridge _bCambridge University Press _cc1985 |
||
| 300 | _axiv, 257 p. ; 24 cm | ||
| 500 | _aIncludes bibliographical references and indexes | ||
| 650 | _aAbrams, Philip | ||
| 650 | _aSociology - Great Britain - History - Congresses | ||
| 650 | _aSociology - Research - Great Britain - Congresses | ||
| 700 | _aBulmer, Martin | ||
| 990 | _ac9e867c4ac10000c6dc5461f45a6bc15 | ||
| 991 | _a234148 | ||
| 999 |
_c176410 _d176410 |
||